Regionální aspekty evropské ekonomické integrace

Regionálna politika EÚ a nové teórie zahraničného obchodu. Ekonomická integrácia, z hľadiska výkonnosti a konkurencieschopnosti, spočíva v prvom rade na teórii zahraničného obchodu, predovšetkým na teórii colnej únie a na predstavách neoklasickej zahraničnej obchodnej teórie. Otázka rovnováhy a nero...

Full description

Saved in:
Bibliographic Details
Main Author: Adamčík, S.
Format: Book Chapter
Language:Czech
Subjects:
Tags: Add Tag
No Tags, Be the first to tag this record!

MARC

LEADER 00000naa a2200000 4500
001 r021413
005 20230925111303.9
041 0 |a cze 
044 |a CZ 
245 1 0 |a Regionální aspekty evropské ekonomické integrace  |c S. Adamčík 
520 |a Regionálna politika EÚ a nové teórie zahraničného obchodu. Ekonomická integrácia, z hľadiska výkonnosti a konkurencieschopnosti, spočíva v prvom rade na teórii zahraničného obchodu, predovšetkým na teórii colnej únie a na predstavách neoklasickej zahraničnej obchodnej teórie. Otázka rovnováhy a nerovnováhy v hosp. procese. Inovácia a imitácia (imitations-lag). Dĺžka trvania imitations-lag je v rôznych regiónoch rôzna. Priestorový význam heterogénnych hosp. štruktúr v Európe. Predöhlova predstava o územnom usporiadaní svetového hosp. - jadrá a okrajové zóny. 
610 2 0 |a integrácia ekonomická medzinárodná 
610 2 0 |a Európa 
610 2 0 |a politika regionálna 
610 2 0 |a regióny 
610 2 0 |a obchod zahraničný 
610 2 0 |a rovnováha hospodárska 
610 2 0 |a nerovnováha hospodárska 
610 2 0 |a teórie ekonomické 
610 2 0 |a inovácia 
100 1 |a Adamčík, S.